Návody ke cvičení z "technologie obrábění" určeno pro posl. fak. strojní

Bibliographic Details
Main Authors: Beneš, Vladimír (Author), Vlach, Bohumil, 1906-1989 (Author)
Format: Book
Language:Czech
PhysicalDescription:177 s. 4°
Published: Praha Čes. vys. učení techn. 1972
Edition:[2.], přeprac. vyd.

MARC

LEADER 00000nam a2200000 a 4500
001 vtls001266802
003 SK-MaSNL
005 20260301234603.0
008 240315s1972 xr 0 cze
035 |a SNK000217747 
040 |a SNK  |b slo  |c SNK  |e AACR2 
044 |a xr  |c CZ 
100 1 |a Beneš, Vladimír  |4 aut  |9 312386 
245 1 |a Návody ke cvičení z "technologie obrábění"  |b určeno pro posl. fak. strojní  |c Vladimír Beneš, Bohumil Vlach 
250 |a [2.], přeprac. vyd. 
260 |a Praha  |b Čes. vys. učení techn.  |c 1972 
300 |a 177 s.  |c 4° 
700 1 |a Vlach, Bohumil,  |d 1906-1989  |4 aut  |9 220365 
958 |a OND 
999 |c 970808  |d 972738 
952 |t P60, <04>, [BOOK], {604}  |a SNK  |b SNK  |y VYP  |7 0  |o snkIB 27356  |i snkKIP 6552/72  |0 0  |1 0  |4 0  |d 1996-11-20  |l 0  |r 2005-01-01 00:00:00  |w 2026-02-24 
952 |t P60, <04>, [BOOK], {604}  |a SNK  |b SNK  |y VYP  |7 0  |o snkIB 27356 D1  |i snkKIP 6553/72  |0 0  |1 0  |4 0  |d 1996-11-20  |l 0  |r 2005-01-01 00:00:00  |w 2026-02-24